000
00249nam a2200109Ia 4500
008
240625s9999 xx 000 0 und d
041
_a
eng
082
_a
658.8 AAK
100
_a
AAKER DAVID A
245
_a
STRATEGIC MARKET MANAGEMENT
260
_c
2013
999
_c
40270
_d
40270